000 00396nam a2200169Ia 4500
001 25694
003 IN-NITTTR
005 20251114233325.0
008 251113s9999||||xx |||||||||||||| ||eng||
040 _beng
040 _cIN-NITTTR
041 _aeng
082 _a005.26 A34I
100 _aAbel, Peter
245 0 _aIBM PC assembly language and programming /
_cAbel, Peter
942 _2ddc
_cBK
999 _c28323
_d28323